Statystyki dla QUIZ O POLSCE

Kliknij tutaj aby rozwiązać quiz!

Ogólne statystyki

  • Ten quiz został rozwiązany 59 razy
    (47 od ostatniego zresetowania)
  • Średni wynik to 6 z 10

Statystyki odpowiedzi

ZagadnienieOdpowiedź% Poprawnych
JAK SIĘ NAZYWA FIAT126 PMALUCH
93%
W KTÓRYM ROKU DOSZŁO DO II WOJNY ŚWIATOWEJ1939
90%
JAK NAZYWA SIĘ MIASTO PAPIEŻAWADOWICE
90%
ILE LAT POLSKA BYŁA ŚMIERTELNA W I WOJNIE ŚWIATOWEJ123 LATA
85%
CO JEST WIĘKSZE POD WZGLĘDEM LUDNOŚCIŁÓDŹ
83%
CO JEST WIĘKSZE POLSKIE MIASTO RADOM CZY STOLICA FRANCJIRADOM
54%
CZY PODOBAŁ SIĘ MÓJ QUIZTAK
41%
ILE POLAKÓW PRZEBYWA W USA10MLN
27%
ILE METRÓW WYSOKOŚCI MA NAJWYŻSZY BUDYNEK310M
22%
CZY PŁOCK BYŁ STOLICĄ POLSKIBYŁ
22%

Rozkład punktacji

Percentyl według liczby udzielonych odpowiedzi

Procent ludzi z każdym wynikiem

Twoja historia wyników

Nie rozwiązałeś tego quizu od ostatniego zresetowania